000 00882nam a22002897a 4500
001 7832
003 FISKH
005 20250811144529.0
008 250811b cb ||||| |||| 00| 0 eng d
040 _aFISKH
_beng
_cFISKH
_dFISKH
050 _aPZ7.P974152 S
082 _a823.92
100 _aPunter, Russell
245 _aStories of haunted houses /
_cRussell Punter ; Illustrated by Mike Phillips
250 _aThis edition first published in 2007
260 _aLondon :
_bUsborne,
_c2005
300 _a48 pages :
_bcolor illustrations ;
_c20 cm
505 _aP
520 _aContains three stories about haunted houses and their ghosts.
521 8 _a630
_bLexile
521 8 _aP
_bRaz-Plus
650 _2Picture book
_aUsborne
650 _2Leveled Readers
_aScience fiction
700 _aPhillips, Mike
_dillustrator
942 _2ddc
_cBK
_n0
999 _c7832
_d7832